50 biggest cities/towns in Kazakhstan - Statistics

General Stats
  • This quiz has been taken 58 times
  • The average score is 11 of 50
Answer Stats
City/Town % Correct
2 Astana
94%
1 Almaty
85%
12 Aktau
71%
3 Shymkent
65%
16 Atyrau
62%
10 Aktobe
59%
7 Oskemen
59%
9 Semey
59%
4 Karagandy
56%
19 Oral
56%
8 Kyzylorda
53%
18 Kostanay
47%
5 Taraz
47%
50(14*) Turkistan
47%
11 Kokshetau
41%
14 Temirtau
35%
15 Taldykorgan
32%
21 Zhezkazgan
24%
20 Ekibastuz
21%
22 Zhanaozen
21%
44 Abay
15%
26 Ridder
15%
47 Shu
15%
32 Ayagoz
12%
17 Petropavl(Kyzylzhar)
12%
49 Qonaev
12%
28 Aksu
9%
29 Kentau
6%
43 Arkalyk
3%
38 Arys
3%
24 Balqash
3%
39 Baykonyr
3%
6 Pavlodar(Ertis)
3%
33 Shardara
3%
45 Zaysan
3%
42 Atbasar
0%
48 Balykshi
0%
27 Esik
0%
40 Kandyagash
0%
41 Kurchatov
0%
36 Lisakovsk
0%
37 Makinsk
0%
13 Rudny(Tobyl)
0%
23 Satbayev
0%
25 Shchuchinsk(Okzhetpes)
0%
31 Sorang
0%
35 Stepnogorsk(Mol Kala)
0%
46 Tekeli
0%
30 Zharkent
0%
34 Zhosaly
0%
No matching quizzes found
Score Distribution
Percent of People with Each Score
Percentile by Number Answered
Your Score History
You have not taken this quiz